Statistics for King of My Heart - Taylor Swift (All Lyrics)

Click here to take the quiz!

General Stats

  • This quiz has been taken 31 times
  • The average score is 396 of 470

Answer Stats

Lyrics% Correct
a
100%
I
100%
My
100%
(My
100%
my
100%
of
100%
bein'
96%
have
96%
heart),
96%
heart
96%
heart,
96%
King
96%
me,
96%
me
96%
on
96%
We
96%
we
96%
You
96%
you
96%
all
91%
and
91%
(And
91%
And
91%
are
91%
been
91%
body
91%
Body
91%
for
91%
oh)
91%
one,
91%
one
91%
soul,
91%
soul),
91%
The
91%
the
91%
waitin'
91%
(Waitin'),
91%
(Waitin')
91%
waitin',
91%
I'm
87%
live
87%
own
87%
to
87%
up
87%
Up
87%
Your
87%
your
87%
ago
83%
bones
83%
broken
83%
end
83%
fine,
83%
is
83%
Is
83%
mending
83%
met
83%
perfectly
83%
queen
83%
this
83%
weeks
83%
American
78%
at
78%
beat
78%
beer
78%
better
78%
crush
78%
Drinkin'
78%
endings?
78%
few
78%
go
78%
in
78%
move
78%
never
78%
Never
78%
once
78%
once,
78%
once)
78%
school
78%
want,
78%
(Where
78%
where
78%
alone
74%
Baby,
74%
"baby"
74%
boys
74%
cars
74%
enough
74%
expensive
74%
fancy
74%
girl
74%
I'll
74%
(Inside
74%
inside
74%
let
74%
like
74%
night,
74%
Now
74%
roof
74%
room,
74%
room
74%
we're
74%
with
74%
With
74%
you're
74%
'Cause
70%
cups
70%
Jaguars
70%
made
70%
mind,
70%
Motown
70%
nights
70%
off
70%
plastic
70%
Range
70%
Rovers
70%
rule
70%
stuff
70%
their
70%
try
70%
tryin'
70%
do)
65%
do
65%
idea
65%
I've
65%
luxury
65%
not
65%
out
65%
quite
65%
soul
65%
spending
65%
took
65%
Woah,
65%
woah
65%
(Woah)
65%
woah)
65%
callin'
61%
Change
61%
clothes
61%
keep
61%
kingdom
61%
lips
61%
priorities
61%
Say
61%
secret
61%
taste
61%
these
61%
city's
57%
dreaming,
57%
dying
57%
hoping,
57%
Late
57%
asleep
52%
love
52%
Salute
48%
(Waiting)
43%
(Hey)
35%

Score Distribution

Percentile by Number Answered

Percent of People with Each Score

Your Score History

You have not taken this quiz